Države Evrope - Statistics

General Stats
  • This quiz has been taken 53 times
    45 since last reset
  • The average score is 31 of 45
Answers on the Map
Answers color-coded by a green-red scale on the quiz's map according to % correct below.
 
Answer Stats
Državo % Correct
Avstrija
86%
Francija
86%
Italija
86%
Nemčija
86%
Norveška
86%
Portugalska
86%
Rusija
86%
Slovenija
86%
Španija
86%
Andora
71%
Belorusija
71%
Danska
71%
Estonija
71%
Finska
71%
Grčija
71%
Hrvaška
71%
Irska
71%
Latvija
71%
Litva
71%
Makedonija
71%
Monako
71%
Poljska
71%
Slovaška
71%
Srbija
71%
Švedska
71%
Švica
71%
Ukrajina
71%
Združeno kraljestvo
71%
Albanija
57%
Belgija
57%
Bolgarija
57%
Bosna in Hercegovina
57%
Češka
57%
Islandija
57%
Kosovo
57%
Luksemburg
57%
Madžarska
57%
Malta
57%
Nizozemska
57%
Romunija
57%
San Marino
57%
Vatikan
57%
Črna Gora
43%
Lihtenštajn
43%
Moldavija
43%
No matching quizzes found
Score Distribution
Percent of People with Each Score
Percentile by Number Answered
Your Score History
You have not taken this quiz since the last reset